Persona 4 Dancing Character Quiz - Statistics

General Stats
  • This quiz has been taken 31 times
  • The average score is 12 of 14
Answer Stats
Character Origin % Correct
Yu Narukami Base Game
100%
Naoto Shirogane Base Game
95%
Rise Kujikawa Base Game
95%
Teddie Base Game
95%
Yosuke Hanamura Base Game
95%
Kanji Tatsumi Base Game
91%
Tohru Adachi DLC - "Fog" (ATLUS Konishi Remix)
91%
Yukiko Amagi Base Game
91%
Chie Satonaka Base Game
86%
Nanako Dojima Base Game
86%
Marie DLC - "Break Out Of..."
82%
Margaret Base Game
73%
Hatsune Miku DLC - "Heaven" (ATOLS Remix)
68%
Kanami Mashita Base Game
59%
No matching quizzes found
Score Distribution
Percent of People with Each Score
Percentile by Number Answered
Your Score History
You have not taken this quiz